[Event "Regionalliga NO 1617"]
[White "Horther Schneider, Elsbeth"]
[Black "Trockmann, Rafael"]
[Site "Bayern"]
[Round "3.8"]
[Result "0-1"]
[Date "2016.12.04"]
[WhiteElo "1787"]
[BlackElo "1835"]
[PlyCount "148"]
[EventDate "2016.10.16"]
[EventType "team-tourn"]
[EventRounds "9"]
[EventCountry "GER"]
[SourceTitle "EXT 2019"]
[Source "ChessBase"]
[SourceDate "2018.10.10"]
[SourceVersion "1"]
[SourceVersionDate "2018.10.10"]
[SourceQuality "1"]
[WhiteTeam "Windischeschenbach"]
[BlackTeam "Herzogenaurach II"]
[WhiteTeamCountry "GER"]
[BlackTeamCountry "GER"]

1. e4 Nf6 2. e5 Nd5 3. d4 d6 4. c4 Nb6 5. Nf3 Bg4 6. h3 Bh5 7. g4 Bg6 8. Nc3 e6 9. Be3 d5 10. c5 N6d7 11. Bd3 Nc6 12. a3 a6 13. Ng5 Be7 14. f4 Bxd3 15. Qxd3 Nf8 16. b4 b5 17. cxb6 cxb6 18. Rc1 Nb8 19. Nf3 Nbd7 20. f5 h6 21. Rf1 b5 22. fxe6 fxe6 23. Ne2 Rc8 24. Rxc8 Qxc8 25. Nf4 Qc4 26. Qb1 Qc3+ 27. Bd2 Qxa3 28. Qc2 Bxb4 29. Ng6 Nxg6 30. Qxg6+ Kd8 31. Qxe6 Rf8 32. Qxd5 Bxd2+ 33. Kxd2 Qb4+ 34. Ke2 Ke7 35. Qe4 Qb2+ 36. Ke3 Qc3+ 37. Kf2 b4 38. Kg2 b3 39. e6 Nb8 40. Qb7+ Kd6 41. Qxg7 Re8 42. Qe5+ Ke7 43. Qg7+ Kd6 44. Qxh6 b2 45. Qf4+ Kc6 46. Ne5+ Kb5 47. Qe4 Rxe6 48. Qd5+ Kb4 49. Qxe6 Qxd4 50. Qf5 Qd2+ 51. Kg3 Qe3+ 52. Nf3 Nc6 53. Qc2 Qc3 54. Qe4+ Ka3 55. Rd1 Nb4 56. Qf5 Ka2 57. Qb1+ Kb3 58. Re1 Nc2 59. Re6 a5 60. Kf2 Qc5+ 61. Kg3 Qc3 62. Rb6+ Ka3 63. Rb5 a4 64. g5 Qc7+ 65. Re5 Kb3 66. Kg4 a3 67. Rb5+ Kc3 68. Rf5 Qc4+ 69. Rf4 Qe6+ 70. Kg3 a2 71. Qd1 b1Q 72. Qd2+ Kb3 73. Qd3+ Kb2 74. Qd4+ Nxd4 0-1

[Event "Mittelfranken-chTB2a 1516"]
[White "Pikal, Alexander"]
[Black "Trockmann, Rafael"]
[Site "Mittelfranken"]
[Round "8.2"]
[Result "0-1"]
[Date "2016.04.03"]
[WhiteElo "1921"]
[BlackElo "1835"]
[PlyCount "85"]
[EventDate "2015.10.18"]
[EventType "team-tourn"]
[EventRounds "9"]
[EventCountry "GER"]
[SourceTitle "EXT 2020"]
[Source "ChessBase"]
[SourceDate "2019.10.17"]
[SourceVersion "1"]
[SourceVersionDate "2019.10.17"]
[SourceQuality "1"]
[WhiteTeam "Bad Windsheim/Ansbach"]
[BlackTeam "Herzogenaurach III"]
[WhiteTeamCountry "GER"]
[BlackTeamCountry "GER"]

1. f4 d5 2. Nf3 c5 3. e3 Nc6 4. Bb5 Bd7 5. b3 Nf6 6. Bb2 e6 7. 0-0 Be7 8. a4 0-0 9. Bxc6 Bxc6 10. Ne5 Be8 11. d3 Nd7 12. Nd2 f6 13. Nxd7 Qxd7 14. Qf3 Bg6 15. Rad1 Rad8 16. Qh3 Bd6 17. e4 f5 18. exd5 exd5 19. Qf3 Qf7 20. Rde1 a6 21. Be5 Rfe8 22. Qf2 Bf8 23. Re3 b5 24. axb5 axb5 25. Ra1 Qd7 26. Ree1 Ra8 27. Qf3 Rxa1 28. Rxa1 c4 29. bxc4 dxc4 30. Qe3 Qc6 31. Qf3 Qxf3 32. Nxf3 cxd3 33. cxd3 Rd8 34. d4 Bf7 35. Rb1 b4 36. Nd2 Rc8 37. Kf2 Rc2 38. Ke3 Rc3+ 39. Ke2 Bd5 40. g3 b3 41. Nf1 Be4 42. d5 Rc2+ 43. Nd2 0-1

[Event "Mittelfranken-chTB1 1415"]
[White "Schloetterer, Hermann"]
[Black "Trockmann, Rafael"]
[Site "Mittelfranken"]
[Round "4.5"]
[Result "1-0"]
[Date "2014.12.14"]
[WhiteElo "1762"]
[BlackElo "1835"]
[PlyCount "61"]
[EventDate "2014.09.29"]
[EventType "team-tourn"]
[EventRounds "9"]
[EventCountry "GER"]
[SourceTitle "EXT 2020"]
[Source "ChessBase"]
[SourceDate "2019.10.17"]
[SourceVersion "1"]
[SourceVersionDate "2019.10.17"]
[SourceQuality "1"]
[WhiteTeam "Nuernberg Zabo"]
[BlackTeam "Herzogenaurach"]
[WhiteTeamCountry "GER"]
[BlackTeamCountry "GER"]

1. d4 c5 2. Nf3 cxd4 3. Nxd4 Nc6 4. g3 e5 5. Nb3 d5 6. Bg2 Be6 7. 0-0 Rc8 8. Nc3 d4 9. Ne4 b6 10. Ng5 Bc4 11. Re1 f6 12. Nf3 Nge7 13. Nbd2 Be6 14. a3 Na5 15. Ne4 Qc7 16. e3 Bf5 17. Nh4 Bxe4 18. Bxe4 g6 19. exd4 f5 20. Nxf5 gxf5 21. Qh5+ Kd7 22. Bxf5+ Nxf5 23. Qxf5+ Kc6 24. Qe4+ Kb5 25. Qd3+ Qc4 26. Rxe5+ Ka6 27. Qf3 Qxc2 28. b4 Nb3 29. b5+ Ka5 30. Qb7 Bc5 31. Qa6# 1-0

[Event "Mittelfranken-chTB1 1314"]
[White "Bachstein, Dustin"]
[Black "Trockmann, Rafael"]
[Site "Mittelfranken"]
[Round "6.3"]
[Result "1-0"]
[Date "2014.02.16"]
[WhiteElo "2068"]
[BlackElo "1835"]
[PlyCount "97"]
[EventDate "2013.10.20"]
[EventType "team-tourn"]
[EventRounds "9"]
[EventCountry "GER"]
[SourceTitle "EXT 2020"]
[Source "ChessBase"]
[SourceDate "2019.10.17"]
[SourceVersion "1"]
[SourceVersionDate "2019.10.17"]
[SourceQuality "1"]
[WhiteTeam "Erlangen SC II"]
[BlackTeam "Herzogenaurach"]
[WhiteTeamCountry "GER"]
[BlackTeamCountry "GER"]

1. d4 c5 2. d5 d6 3. e4 e5 4. Bb5+ Nd7 5. a4 Ngf6 6. Nc3 Be7 7. Nf3 0-0 8. a5 h6 9. a6 bxa6 10. Bxa6 Qb6 11. Bxc8 Rfxc8 12. Qe2 a6 13. Nd2 Qb7 14. Nc4 Nb8 15. 0-0 Ra7 16. f4 exf4 17. Bxf4 Rd8 18. Kh1 Qd7 19. Ne3 Rb7 20. b3 Ne8 21. Rad1 Bf6 22. Na4 Bg5 23. Bxg5 hxg5 24. Nf5 f6 25. Rd3 c4 26. Rh3 g6 27. Nd4 g4 28. Rg3 cxb3 29. cxb3 Rc8 30. Rxg4 Kf7 31. Qf3 Qe7 32. Qh3 Qf8 33. Ne6 Qg8 34. Rh4 Ng7 35. Rh7 Re8 36. Rxg7+ Qxg7 37. Nxg7 Kxg7 38. Qc3 Re5 39. Rf3 Rf7 40. Qd4 Nd7 41. Nb2 Nc5 42. h3 Rxe4 43. Qc3 Re5 44. b4 Ne4 45. Qd4 Ree7 46. Re3 Ng5 47. h4 Nh7 48. Rxe7 Rxe7 49. Nc4 1-0

[Event "Mittelfranken-chTB2a 0910"]
[White "Trockmann, Rafael"]
[Black "Koschka, Robert"]
[Site "Mittelfranken"]
[Round "5.2"]
[Result "0-1"]
[Date "2010.01.10"]
[WhiteElo "1981"]
[BlackElo "1852"]
[PlyCount "116"]
[EventDate "2009.10.11"]
[EventType "team-tourn"]
[EventRounds "9"]
[EventCountry "GER"]
[SourceTitle "EXT 2011"]
[Source "ChessBase"]
[SourceDate "2010.11.26"]
[SourceVersion "1"]
[SourceVersionDate "2010.11.26"]
[SourceQuality "1"]
[WhiteTeam "Herzogenaurach"]
[BlackTeam "Fuerth SF II"]
[WhiteTeamCountry "GER"]
[BlackTeamCountry "GER"]

1. Nf3 Nf6 2. c4 b6 3. d4 Bb7 4. Nc3 e6 5. a3 d5 6. e3 Nbd7 7. b4 a5 8. b5 Bd6 9. Bb2 Qe7 10. Be2 dxc4 11. Bxc4 e5 12. Qb3 e4 13. Nd2 0-0 14. Nf1 Rad8 15. Ng3 g6 16. Nce2 Rfe8 17. 0-0 h5 18. Rfe1 h4 19. Nf1 Nf8 20. h3 g5 21. Nh2 N8h7 22. g4 Nd5 23. Nc3 Nhf6 24. Kg2 Nxc3 25. Bxc3 Bxh2 26. Kxh2 Nd5 27. Bb2 Qf6 28. Qc2 Re7 29. Qe2 Qd6+ 30. Kg2 Re6 31. a4 Rf6 32. Ba3 Qd7 33. Qc2 Rc8 34. Rac1 Rf3 35. Qb3 Nf4+ 36. exf4 Rxb3 37. Bxb3 gxf4 38. d5 Re8 39. Rcd1 e3 40. Rd4 Re5 41. fxe3 fxe3 42. Kf1 Bxd5 43. Bxd5 Rxd5 44. Re4 Rd3 45. Be7 Qd5 46. R1xe3 Rxe3 47. Rxe3 Qd1+ 48. Kf2 Qxa4 49. Bxh4 Qxb5 50. Be7 Qd5 51. h4 c5 52. h5 c4 53. Bf6 Qc5 54. Ke2 Qc8 55. g5 b5 56. Re5 c3 57. Kd1 Qd7+ 58. Ke1 c2 0-1

[Event "Mittelfranken-chTB2a 0910"]
[White "Herlan, Klaus Juergen"]
[Black "Trockmann, Rafael"]
[Site "Mittelfranken"]
[Round "4.2"]
[Result "0-1"]
[Date "2009.12.06"]
[WhiteElo "1938"]
[BlackElo "1981"]
[PlyCount "98"]
[EventDate "2009.10.11"]
[EventType "team-tourn"]
[EventRounds "9"]
[EventCountry "GER"]
[SourceTitle "EXT 2011"]
[Source "ChessBase"]
[SourceDate "2010.11.26"]
[SourceVersion "1"]
[SourceVersionDate "2010.11.26"]
[SourceQuality "1"]
[WhiteTeam "Nuernberg NT V"]
[BlackTeam "Herzogenaurach"]
[WhiteTeamCountry "GER"]
[BlackTeamCountry "GER"]

1. Nf3 d5 2. d4 Nf6 3. e3 Bg4 4. c4 c6 5. Qb3 Qc7 6. Ne5 Bf5 7. Nc3 e6 8. cxd5 exd5 9. Be2 Nbd7 10. f4 Bd6 11. 0-0 0-0 12. Bf3 h5 13. Bd2 Rab8 14. Qd1 g6 15. Rc1 Qb6 16. Na4 Qd8 17. h3 Be4 18. Be2 Kg7 19. Be1 Nh7 20. Nc3 Ndf6 21. Bh4 Qb6 22. Nxe4 Bxe5 23. Nxf6 Bxf6 24. Bxf6+ Nxf6 25. Rc2 Rbe8 26. Rf3 Re7 27. f5 g5 28. g4 hxg4 29. hxg4 Rh8 30. Rg3 Qc7 31. Qe1 Rh4 32. Bd1 Re8 33. Bf3 Reh8 34. Kf1 Qe7 35. e4 dxe4 36. Qe3 Qd6 37. Bg2 Qf4+ 38. Qxf4 gxf4 39. Rb3 f3 40. Rxb7 fxg2+ 41. Rxg2 Rxg4 42. Rxg4+ Nxg4 43. Rxa7 e3 44. Re7 Kf6 45. Rc7 Rh2 46. Rxc6+ Kxf5 47. d5 Rxb2 48. a4 Ra2 49. Rc4 Ne5 0-1

[Event "Mittelfranken-chTB2a 0910"]
[White "Friedrich, Heinrich"]
[Black "Trockmann, Rafael"]
[Site "Mittelfranken"]
[Round "3.2"]
[Result "1-0"]
[Date "2009.11.22"]
[WhiteElo "1901"]
[BlackElo "1981"]
[PlyCount "119"]
[EventDate "2009.10.11"]
[EventType "team-tourn"]
[EventRounds "9"]
[EventCountry "GER"]
[SourceTitle "EXT 2011"]
[Source "ChessBase"]
[SourceDate "2010.11.26"]
[SourceVersion "1"]
[SourceVersionDate "2010.11.26"]
[SourceQuality "1"]
[WhiteTeam "Kirchehrenbach"]
[BlackTeam "Herzogenaurach"]
[WhiteTeamCountry "GER"]
[BlackTeamCountry "GER"]

1. e4 c5 2. Nf3 d6 3. d4 cxd4 4. Nxd4 e5 5. Nb5 a6 6. N5a3 Be6 7. c4 Nf6 8. Nc3 Nc6 9. Bg5 Be7 10. Bxf6 Bxf6 11. Nd5 Qa5+ 12. Qd2 Qxd2+ 13. Kxd2 Bg5+ 14. Ne3 f5 15. exf5 Bxf5 16. Be2 Rf8 17. Rhf1 Nd4 18. Bd3 g6 19. Kc3 Be6 20. Nac2 Bf6 21. Be4 Rb8 22. Nd5 Nxc2 23. Kxc2 Bd8 24. Rad1 b5 25. cxb5 axb5 26. a3 Bxd5 27. Rxd5 Ke7 28. b4 Ke6 29. Kb3 Be7 30. f3 Rfc8 31. Rfd1 Rb6 32. R5d2 Bg5 33. Rc2 Rxc2 34. Kxc2 Be3 35. Kb3 Bd4 36. Rc1 d5 37. Bd3 Kd7 38. Rc2 h5 39. Ra2 g5 40. h3 Kd6 41. Rc2 Rb8 42. Bf5 Rb7 43. Rc8 Ke7 44. Rc6 Rb6 45. Rxb6 Bxb6 46. Bd3 Kd6 47. Bxb5 e4 48. fxe4 dxe4 49. a4 Kd5 50. a5 Bd4 51. Be2 h4 52. Ka4 Kc6 53. Kb3 Kd5 54. Bh5 Bf2 55. Bf7+ Kc6 56. Kc4 Kc7 57. Bd5 e3 58. Bf3 Bg3 59. b5 Kb8 60. b6 1-0

[Event "Mittelfranken-chTB2a 0910"]
[White "Trockmann, Rafael"]
[Black "Luther, Helmut"]
[Site "Mittelfranken"]
[Round "2.2"]
[Result "0-1"]
[Date "2009.10.25"]
[WhiteElo "1981"]
[BlackElo "1918"]
[PlyCount "100"]
[EventDate "2009.10.11"]
[EventType "team-tourn"]
[EventRounds "9"]
[EventCountry "GER"]
[SourceTitle "EXT 2011"]
[Source "ChessBase"]
[SourceDate "2010.11.26"]
[SourceVersion "1"]
[SourceVersionDate "2010.11.26"]
[SourceQuality "1"]
[WhiteTeam "Herzogenaurach"]
[BlackTeam "Nuernberg Sued SW III"]
[WhiteTeamCountry "GER"]
[BlackTeamCountry "GER"]

1. Nf3 d6 2. d4 g6 3. e4 Bg7 4. Be2 c6 5. 0-0 Nf6 6. Nbd2 0-0 7. c3 Nbd7 8. Qc2 e5 9. Rd1 Qc7 10. Nc4 exd4 11. cxd4 b5 12. Nxd6 Qxd6 13. e5 Qd5 14. exf6 Nxf6 15. Ne5 Bb7 16. Bf3 Qd6 17. Bf4 Nh5 18. Bxh5 gxh5 19. Qf5 Qd5 20. Qh3 Rad8 21. Rd3 Qe4 22. Qg3 h4 23. Qe3 c5 24. Qxe4 Bxe4 25. Rd2 Rxd4 26. Rxd4 cxd4 27. Rd1 Rd8 28. Nd3 Rc8 29. f3 Bf5 30. Rd2 a5 31. a3 a4 32. Kf2 h5 33. Bg5 h3 34. g3 Kh7 35. Nb4 Rc1 36. g4 hxg4 37. fxg4 Bxg4 38. Nd3 Rc8 39. Kg3 Bf5 40. Nf4 Be5 41. Kf3 Rg8 42. Bh4 Rc8 43. Bg3 d3 44. Nxd3 Bxg3 45. Kxg3 Rd8 46. Rf2 Rxd3+ 47. Kh4 Be6 48. Rc2 Rd4+ 49. Kg3 Rg4+ 50. Kf3 Rg2 0-1

[Event "Mittelfrankenliga-B2a 0607"]
[White "Endres, Christian"]
[Black "Trockmann, Rafael"]
[Site "Mittelfranken"]
[Round "7.4"]
[Result "0-1"]
[Date "2007.03.11"]
[WhiteElo "1866"]
[BlackElo "1985"]
[PlyCount "78"]
[EventDate "2006.10.22"]
[EventType "team-tourn"]
[EventRounds "9"]
[EventCountry "GER"]
[SourceTitle "EXT 2011"]
[Source "ChessBase"]
[SourceDate "2010.11.26"]
[SourceVersion "1"]
[SourceVersionDate "2010.11.26"]
[SourceQuality "1"]
[WhiteTeam "Altensittenbach II"]
[BlackTeam "Herzogenaurach"]
[WhiteTeamCountry "GER"]
[BlackTeamCountry "GER"]

1. Nf3 Nf6 2. c4 c6 3. g3 d5 4. Bg2 Nbd7 5. cxd5 cxd5 6. d4 e6 7. Bf4 Bb4+ 8. Nbd2 Ne4 9. 0-0 f5 10. Nxe4 fxe4 11. Ng5 Nb6 12. f3 h6 13. Nh3 exf3 14. Rxf3 0-0 15. Qd3 Bd7 16. Bxh6 Rxf3 17. exf3 gxh6 18. Qg6+ Kf8 19. Qxh6+ Ke7 20. Qg7+ Kd6 21. Qe5+ Ke7 22. Qg7+ Kd6 23. Ng5 Qg8 24. Qe5+ Ke7 25. Bh3 Bd6 26. Qe3 Nc4 27. Qc1 Qg7 28. f4 Qxd4+ 29. Kh1 Qe3 30. Qf1 Nd2 31. Qd1 Rh8 32. Qg4 Ne4 33. Rf1 Nf6 34. Qd1 Ne4 35. Qg4 Nf2+ 36. Rxf2 Qxf2 37. Nxe6 Qe1+ 38. Kg2 Qe4+ 39. Kf2 Bc5+ 0-1

[Event "Mittelfrankenliga-B2a 0607"]
[White "Goess, Hans"]
[Black "Trockmann, Rafael"]
[Site "Mittelfranken"]
[Round "5.4"]
[Result "0-1"]
[Date "2007.01.28"]
[WhiteElo "1795"]
[BlackElo "1985"]
[PlyCount "70"]
[EventDate "2006.10.22"]
[EventType "team-tourn"]
[EventRounds "9"]
[EventCountry "GER"]
[SourceTitle "EXT 2011"]
[Source "ChessBase"]
[SourceDate "2010.11.26"]
[SourceVersion "1"]
[SourceVersionDate "2010.11.26"]
[SourceQuality "1"]
[WhiteTeam "Neustadt"]
[BlackTeam "Herzogenaurach"]
[WhiteTeamCountry "GER"]
[BlackTeamCountry "GER"]

1. d4 c5 2. e3 e6 3. c4 Nf6 4. Nf3 Nc6 5. Nc3 cxd4 6. Nxd4 Bb4 7. Bd2 0-0 8. Be2 Nxd4 9. exd4 d5 10. cxd5 Nxd5 11. 0-0 Nf6 12. Bg5 h6 13. Bh4 Be7 14. Bf3 Qb6 15. Na4 Qa5 16. a3 Nd5 17. Bxe7 Nxe7 18. Nc5 Rb8 19. b4 Qd8 20. Qd2 b6 21. Nb3 Bb7 22. Bxb7 Rxb7 23. Rfd1 Qd5 24. Qb2 Rd7 25. Rd2 Rc8 26. Rc1 Rxc1+ 27. Nxc1 Nf5 28. Nb3 Nh4 29. f3 Nf5 30. Kf2 Rb7 31. Qc3 g5 32. Re2 Rd7 33. Re5 Qb7 34. Qd3 Qc7 35. g3 Qxe5 0-1

[Event "Mittelfrankenliga-B1 0506"]
[White "Trockmann, Rafael"]
[Black "Schuster, Norbert1"]
[Site "Germany"]
[Round "4.3"]
[Result "0-1"]
[Date "2006.01.15"]
[WhiteElo "1912"]
[BlackElo "1960"]
[PlyCount "122"]
[EventDate "2005.10.16"]
[EventType "team-tourn"]
[EventRounds "9"]
[EventCountry "GER"]
[SourceTitle "EXT 2007"]
[Source "ChessBase"]
[SourceDate "2006.11.23"]
[SourceVersion "1"]
[SourceVersionDate "2006.11.23"]
[SourceQuality "1"]

1. Nf3 d5 2. c4 c6 3. e3 Nf6 4. b3 Bg4 5. Ba3 Nbd7 6. Be2 e6 7. h3 Bxa3 8. Nxa3 Bxf3 9. gxf3 Rc8 10. Nc2 Qc7 11. Nd4 e5 12. Nf5 g6 13. Nh6 Ng8 14. Nxg8 Rxg8 15. Qc2 Nf6 16. Rc1 d4 17. Qb2 c5 18. b4 b6 19. bxc5 Qxc5 20. Rb1 Ke7 21. Qb4 Rgd8 22. d3 Rd6 23. Qxc5 bxc5 24. 0-0 Rb6 25. Rb5 Kd6 26. a4 Rcb8 27. Rfb1 Rxb5 28. cxb5 Nd5 29. exd4 cxd4 30. Kf1 a6 31. Ke1 axb5 32. a5 b4 33. Bd1 Kc5 34. Bb3 Nc3 35. Ra1 f6 36. Kd2 Ra8 37. h4 Ra7 38. Bc4 Nb5 39. Ra4 Na3 40. Bb3 Kb5 41. a6 Rxa6 42. Rxa6 Kxa6 43. Kc1 Kb6 44. Kb2 Nb5 45. Bg8 h6 46. Kb3 Kc5 47. Bf7 g5 48. h5 Nd6 49. Be6 Ne8 50. Bf7 Ng7 51. Ka4 Nf5 52. Bg6 Nh4 53. Be4 Ng2 54. Kb3 Nf4 55. Bg6 Nh3 56. Kc2 Nxf2 57. Bf5 Nh1 58. Kd2 Ng3 59. Bg6 Nf1+ 60. Kc2 Ne3+ 61. Kb2 f5 0-1